| 000 | 01000nam a2200217Ia 4500 | ||
|---|---|---|---|
| 008 | 0000002009 sp ad 0000000000spa00 | ||
| 090 | _aPSP00 W27i | ||
| 100 | 1 | _aWert, Juan Pablo | |
| 245 | 1 | 0 |
_aIkella Alonso _b: llueve tiempo _c/ textos Juan Pablo Wert, Enrique Quejido, Juan Carlos Rico ; traducción Silvia Valencia, Claudia Valencia ; fotografías Angel Cuevas |
| 300 |
_a32 p. _c/ 27 cm. |
||
| 500 | _aExposición realizada en Galería Evelyn Botella de Madrid en noviembre de 2009 \ Incluye datos biográficos y cronología artística \ Texto en español e inglés \ Donación Carlos Jiménez, 2011 | ||
| 600 | 0 | 0 |
_a ALONSO, IKELLA/ _xTRABAJOS PICTORICOS |
| 650 | 1 | 4 | _a PINTURA ESPAÑOLA |
| 650 | 1 | 4 | _aARTE CONTEMPORANEO ESPAÑOL |
| 650 | 1 | 4 | _aARTISTAS PLASTICOS ESPAÑOLES |
| 650 | 1 | 4 | _xCATALOGOS |
| 650 | 1 | 4 | _xEXPOSICIONES |
| 650 | 1 | 4 | _aPINTORES ESPAÑOLES |
| 700 | 1 | _aQuejido, Enrique \ Rico, Juan Carlos | |
| 999 |
_c13639 _d13639 |
||
| 260 |
_aMadrid : Galería Evelyn Botella _c2009 |
||